My yoga guru (Record no. 76573)

MARC details
000 -LEADER
fixed length control field 00457 a2200181 4500
005 - DATE AND TIME OF LATEST TRANSACTION
control field 20140621114531.0
008 - FIXED-LENGTH DATA ELEMENTS--GENERAL INFORMATION
fixed length control field 140621b xxu||||| |||| 00| 0 eng d
020 ## - INTERNATIONAL STANDARD BOOK NUMBER
International Standard Book Number 9780600622307
080 ## - UNIVERSAL DECIMAL CLASSIFICATION NUMBER
Universal Decimal Classification number 294.527
Item number WAL
100 ## - MAIN ENTRY--PERSONAL NAME
Personal name Walker, Dory
245 ## - TITLE STATEMENT
Title My yoga guru
Remainder of title your ultimate yoga instructor
260 ## - PUBLICATION, DISTRIBUTION, ETC. (IMPRINT)
Name of publisher, distributor, etc Hamlyn
Date of publication, distribution, etc 2012
Place of publication, distribution, etc London
300 ## - PHYSICAL DESCRIPTION
Extent 176p.
653 ## - INDEX TERM--UNCONTROLLED
Uncontrolled term Yoga
653 ## - INDEX TERM--UNCONTROLLED
Uncontrolled term Health - Yoga
653 ## - INDEX TERM--UNCONTROLLED
Uncontrolled term Yoga - advanced practices
942 ## - ADDED ENTRY ELEMENTS (KOHA)
item type Books
Holdings
Lost status Source of classification or shelving scheme Not for loan Home library Current library Date acquired Cost, normal purchase price Total Checkouts Full call number Barcode Date last seen Date checked out Cost, replacement price Price effective from Koha item type
  Universal Decimal Classification   University Library University Library 18/02/2013 0.00 4 294.527 WAL 00069176 25/07/2018 26/05/2018 0.00 18/02/2013 Books
University Library, CUSAT